Manual de protocolo universitario /
সংরক্ষণ করুন:
| সংস্থা লেখক: | |
|---|---|
| বিন্যাস: | গ্রন্থ |
| ভাষা: | Spanish |
| প্রকাশিত: |
[San José, Costa Rica] :
Universidad de Costa Rica,
2016
|
| বিষয়গুলি: | |
| ট্যাগগুলো: |
ট্যাগ যুক্ত করুন
কোনো ট্যাগ নেই, প্রথমজন হিসাবে ট্যাগ করুন!
|
MARC
| LEADER | 00000nam a2200000 4500 | ||
|---|---|---|---|
| 008 | 160829b2016 cr a|||| |||| 00| | spa d | ||
| 090 | |a 19.02.09 |b 2370 | ||
| 110 | 2 | |9 585 |a Universidad de Costa Rica | |
| 245 | 1 | 0 | |a Manual de protocolo universitario / |c Universidad de Costa Rica |
| 260 | |a [San José, Costa Rica] : |b Universidad de Costa Rica, |c 2016 | ||
| 300 | |a 59 páginas | ||
| 610 | 2 | 4 | |9 714 |a UNIVERSIDAD DE COSTA RICA |
| 650 | 1 | 4 | |9 426 |a MANUALES |
| 942 | |i 004223 |h 19.02.09 2370 |2 z |c 01 | ||
| 999 | |c 3307 |d 3307 | ||
